Riadite firmu a nemáte nastavené procesy? Zmeňte to!

Riadenie procesov v rodinnej firme. Životný cyklus rodinnej firmy. Sedem rád, ako správne nastaviť procesy v rodinnej firme. Stanovenie si štandardov v rodinnej firme.

Saved in:
Bibliographic Details
Format: Book Chapter
Language:Slovak
Subjects:
Tags: Add Tag
No Tags, Be the first to tag this record!

MARC

LEADER 00000naa a2200000 4500
001 0249625
005 20181218083443.2
041 0 |a slo 
044 |a SK 
245 1 0 |a Riadite firmu a nemáte nastavené procesy? Zmeňte to! 
520 |a Riadenie procesov v rodinnej firme. Životný cyklus rodinnej firmy. Sedem rád, ako správne nastaviť procesy v rodinnej firme. Stanovenie si štandardov v rodinnej firme. 
610 2 0 |a podnik rodinný 
610 2 0 |a riadenie procesné 
610 2 0 |a riadenie personálne